| 000 | 00500cam a22002054a 4500 | ||
|---|---|---|---|
| 005 | 20250605164315.0 | ||
| 008 | 250528s ||||||||||||||||||||||||d | ||
| 035 | _a22680 | ||
| 020 | _a9780749419608 | ||
| 040 |
_aGR-AtMCL _bgre _dGR-AtMCL _eAACR2 |
||
| 245 | 1 | _aDIRECT AND DATABASE MARKETING | |
| 250 | _a1 | ||
| 260 | _c1997 | ||
| 300 | _a315 | ||
| 700 | 1 |
_aGraeme Mccorkell _98413 |
|
| 942 | _cBK | ||
| 710 | 2 |
_aThe Institute Of Direct Marketing _99813 |
|
| 999 |
_c7728 _d7728 |
||